000 00379 a2200109 4500
999 _c329250
_d329250
003 Nust
005 20170502110034.0
008 170502b xxu||||| |||| 00| 0 eng d
040 _c0
082 _a428.2 WRE
100 _aWren,P.C
245 _aHigh School English Grammar & Composition
_cP.C.Wren
260 _aNational Book Foundation
_bRawalpindi
_c2008
300 _a418p.
500 _aH.B
942 _cBK
_k428.2 WRE
_2ddc